000 00788nam a2200229Ii 4500
003 JO-AjNU
008 230605s9999||||xx |||||||||||||| ||und||
017 _a1998/11815
020 _a977-01-5918-2
040 _aJO-AjNU
_bara
_erda
_cJO-AjNU
041 _aara
050 1 4 _aQC981.8.C5288 1998
100 3 _aالشهاوي ، محمد احمد,
_eauthor
_913990
245 0 0 _aتغير المناخ ومستقبل الارض
264 3 1 _aالقاهرة:الهيئة المصريه العامه للكناب ، 1998
300 _a238ص
336 _atext
_btxt
_2rdacontent
337 _aunmediated
_bn
_2rdamedia
338 _avolume
_bnc
_2rdacarrier
490 0 _aسلسلة العلم والحياه
650 4 _aالمناخ والارض -الارصاد الجوية
_913991
999 _aA3624
_c7192
_d7192